| 000 | 00426 a2200169 4500 | ||
|---|---|---|---|
| 001 | 189549 | ||
| 020 | _a85-7509-003-8 | ||
| 040 | _cMagnum | ||
| 100 | _aPinto, José Nêumanne | ||
| 240 | 1 | 0 |
_aOs cem melhores poetas brasileiros do século _lpor |
| 245 | 1 | 0 | _aOs cem melhores poetas brasileiros do século |
| 300 | _a324 | ||
| 362 | 0 | _a2004 | |
| 440 | 1 | _aGeração Editorial | |
| 697 | _aLITERATURA GERAL | ||
| 942 | _cBK | ||
| 999 |
_c189549 _d189549 |
||